De poenitentia restitutione and contractibus praeclarum et absolutum opus, in duos diuisum tomos

Uloženo v:
Podrobná bibliografie
Hlavní autor: Medina, Juan de (autor)
Médium: Kniha
Jazyk:latina
Vydáno: Ann Arbor Umi Books on Demand 2007
Témata:
Tagy: Přidat tag
Žádné tagy, Buďte první, kdo vytvoří štítek k tomuto záznamu!

MARC

LEADER 00000nam a2200000 a 4500
001 UCI9033
003 CL-VaPUC
008 081024e20070000us |||||||||||||||||lat|d
082 0 4 |a 346.02  |b MED  |2 21 
100 |a Medina, Juan de  |e autor  |9 532687 
245 1 0 |a De poenitentia restitutione and contractibus praeclarum et absolutum opus, in duos diuisum tomos 
300 |a 2 v 
942 |c BK 
945 |d 20081024 00:00:00  |a rbrito 
260 |a Ann Arbor  |b Umi Books on Demand  |c 2007 
650 0 |a Derecho civil  |9 255013 
650 0 |a Contratos  |9 255153 
650 0 |a Teología moral   |9 256617 
650 0 |a Historia del derecho  |9 255109 
650 0 |a Enriquecimiento ilícito  |9 532688 
583 |a last modification  |c 20171220 10:15:09  |k Rodrigo Vera 
999 |c 331726  |d 331724 
952 |0 0  |1 0  |4 0  |6 346_020000000000000_MED_2007  |7 0  |8 DER_HIS  |9 418769  |a BIBDER  |b BIBDER  |d 2019-11-22  |h v.1  |i 4490738  |l 1  |o 346.02 MED 2007  |p 4490738  |r 2023-06-16  |s 2023-06-16  |w 2019-11-22  |x Ubicación 4to Piso  |y BK  |z Estos recursos deben solicitarse con anticipación  |k DER 
952 |0 0  |1 0  |4 0  |6 346_020000000000000_MED_2007  |7 0  |8 DER_HIS  |9 418770  |a BIBDER  |b BIBDER  |d 2019-11-22  |h v.2  |i 4490746  |l 1  |o 346.02 MED 2007  |p 4490746  |r 2023-06-16  |s 2023-06-16  |w 2019-11-22  |x Ubicación 4to Piso  |y BK  |z Estos recursos deben solicitarse con anticipación  |k DER